000 00594nam a22002297a 4500
003 UA-OsUOA
001 48662
007 ta
008 20070911b un ||||| |||| 00| 0 ukr d
100 _aБеджизати Ч.
090 _a821.161.1
_bБ38
942 _cBK
040 _aUA-OsUOA
_brus
_cUA-OsUOA
_dUA-OsUOA
245 _aБашни говорят
300 _a95 с.
955 _a3
041 _arus
080 _a821.161.1
260 _aЦхинвали
_bИрыстон
_c1987
650 7 _a82 Література. Літературознавство
_2UDC
999 _c334767
_d334767